000 00473nam a22001697a 4500
003 BD-ChCU
005 20260201125343.0
008 260201b bg ||||| |||| 00| 0 ben d
040 _cBD-ChCU
082 _a150 SUT
100 _aSutherland , N.S.
_919959
245 _aTutorial essays in psychology ./
_cN.S. Sutherland .
260 _aNew York :
_bLawrence Erlbaum Associates pub.
_cC 1977
300 _aVol . 1.
650 0 _aPsychology .
_919961
942 _2ddc
_cBK
_n0
999 _c111410
_d111410